<?xml version="1.0" encoding="UTF-8"?>
<record
    xmlns:xsi="http://www.w3.org/2001/XMLSchema-instance"
    xsi:schemaLocation="http://www.loc.gov/MARC21/slim http://www.loc.gov/standards/marcxml/schema/MARC21slim.xsd"
    xmlns="http://www.loc.gov/MARC21/slim">

  <leader>02108cam a2200301   4500</leader>
  <datafield tag="952" ind1=" " ind2=" ">
    <subfield code="0">0</subfield>
    <subfield code="1">0</subfield>
    <subfield code="2">ddc</subfield>
    <subfield code="4">0</subfield>
    <subfield code="7">1</subfield>
    <subfield code="8">NFIC</subfield>
    <subfield code="a">ASL</subfield>
    <subfield code="b">ASL</subfield>
    <subfield code="c">GEN</subfield>
    <subfield code="d">2021-03-11</subfield>
    <subfield code="e">ASB Collection</subfield>
    <subfield code="h">V-19</subfield>
    <subfield code="l">0</subfield>
    <subfield code="o">954.15 HUS</subfield>
    <subfield code="p">107402</subfield>
    <subfield code="r">2021-03-11 00:00:00</subfield>
    <subfield code="t">C-1</subfield>
    <subfield code="w">2021-03-11</subfield>
    <subfield code="y">BK</subfield>
    <subfield code="z">RARE</subfield>
  </datafield>
  <datafield tag="952" ind1=" " ind2=" ">
    <subfield code="0">0</subfield>
    <subfield code="1">0</subfield>
    <subfield code="2">ddc</subfield>
    <subfield code="4">0</subfield>
    <subfield code="7">1</subfield>
    <subfield code="8">NFIC</subfield>
    <subfield code="a">ASL</subfield>
    <subfield code="b">ASL</subfield>
    <subfield code="c">GEN</subfield>
    <subfield code="d">2021-03-11</subfield>
    <subfield code="e">ASB Collection</subfield>
    <subfield code="h">V-19</subfield>
    <subfield code="l">0</subfield>
    <subfield code="o">954.15 HUS</subfield>
    <subfield code="p">107403</subfield>
    <subfield code="r">2021-03-11 00:00:00</subfield>
    <subfield code="t">C-2</subfield>
    <subfield code="w">2021-03-11</subfield>
    <subfield code="y">BK</subfield>
    <subfield code="z">RARE</subfield>
  </datafield>
  <datafield tag="999" ind1=" " ind2=" ">
    <subfield code="c">23022</subfield>
    <subfield code="d">23022</subfield>
  </datafield>
  <controlfield tag="001">4567974</controlfield>
  <controlfield tag="003">BDDh-ASL</controlfield>
  <controlfield tag="005">20231015030204.0</controlfield>
  <controlfield tag="008">740421m19731976ii b     s    001 0 eng  </controlfield>
  <datafield tag="010" ind1=" " ind2=" ">
    <subfield code="a">   73906132 </subfield>
  </datafield>
  <datafield tag="040" ind1=" " ind2=" ">
    <subfield code="a">DLC</subfield>
    <subfield code="c">DLC</subfield>
    <subfield code="d">DLC</subfield>
  </datafield>
  <datafield tag="043" ind1=" " ind2=" ">
    <subfield code="a">a-ii---</subfield>
    <subfield code="a">a-bg---</subfield>
  </datafield>
  <datafield tag="050" ind1="0" ind2="0">
    <subfield code="a">DS485.B41</subfield>
    <subfield code="b">H9232</subfield>
  </datafield>
  <datafield tag="082" ind1="0" ind2="0">
    <subfield code="a">954.15</subfield>
    <subfield code="b">HUS</subfield>
  </datafield>
  <datafield tag="100" ind1="1" ind2=" ">
    <subfield code="a">Hunter, William Wilson,</subfield>
    <subfield code="d">1840-1900.</subfield>
  </datafield>
  <datafield tag="245" ind1="1" ind2="2">
    <subfield code="a">A statistical account of Bengal. Volume-19 /</subfield>
    <subfield code="c">[by] W. W. Hunter.</subfield>
  </datafield>
  <datafield tag="260" ind1=" " ind2=" ">
    <subfield code="a">Delhi,</subfield>
    <subfield code="b">D. K. Pub. House</subfield>
    <subfield code="c">[1973-1976]</subfield>
  </datafield>
  <datafield tag="300" ind1=" " ind2=" ">
    <subfield code="a">336 p.: </subfield>
    <subfield code="b">fold. maps.</subfield>
    <subfield code="c">22 cm.</subfield>
  </datafield>
  <datafield tag="350" ind1=" " ind2=" ">
    <subfield code="a">Rs100.00 ($20.00 U.S.) per vol.</subfield>
  </datafield>
  <datafield tag="500" ind1=" " ind2=" ">
    <subfield code="a">Vols. 11-20 have imprint: Delhi, Concept Pub. Co.</subfield>
  </datafield>
  <datafield tag="500" ind1=" " ind2=" ">
    <subfield code="a">Includes a reproduction of the t.p. of the 1875-77 ed., published by Tr&#xFC;bner, London.</subfield>
  </datafield>
  <datafield tag="505" ind1="0" ind2=" ">
    <subfield code="a">v. 1. Districts of the 24 Parganas and Sundarbans.--v. 2. Districts of Nadia and Jessore.--v. 3. Districts of Midnapur and Hughli (including Howrah)--v. 4. Districts of Bardwan, Bankura, and Birbhum.--v. 5. Districts of Dacca, B&#xE1;karganj, Far&#xED;dpur, and Maimansinh.--v. 6. Kisch, H. M. Chittagong Hill Tracts, Chittagong, No&#xE1;kh&#xE1;l&#xED;. Tipperah, Hill Tipperah.--v. 7. Districts of Maldah, Rangpur, and Din&#x101;jpur.--v. 8. Districts of R&#xE1;jsh&#xE1;hi and Bogr&#xE1;.--v. 9. Districts of Murshid&#xE1;bad and P&#xE1;bn&#xE1;.--v. 10. Districts of D&#xE1;rj&#xED;ling and Jalp&#xE1;iguri, and State of Kuch Behar.--v. 11. Districts of Patna and Saran.--v. 12. Districts of Gay&#xE1; and Sh&#xE1;h&#xE1;b&#xE1;d.--v. 13. Tirhut and Champ&#xE1;ran.--v. 14. Districts of Bh&#xE1;galpur and the Sant&#xE1;l Pargan&#xE1;s.--v. 15. Districts of Monghyr and Purniah.--v. 16. Districts of Haz&#xE1;rib&#xE1;gh and Loh&#xE1;rdag&#xE1;.--v. 17. Singbhum District, Tributary States of Chutia Nagpur, and Manbhum.--v. 18. District of Cuttack and Balasor.--v. 19. District of Puri and the Orissa Tributary States.--v. 20. Day, J., and others. Fisheries and Botany of Bengal, with general index.</subfield>
  </datafield>
  <datafield tag="651" ind1=" " ind2="0">
    <subfield code="a">Bengal (India)</subfield>
  </datafield>
  <datafield tag="651" ind1=" " ind2="0">
    <subfield code="a">Bengal (India)</subfield>
    <subfield code="x">Statistics.</subfield>
  </datafield>
  <datafield tag="700" ind1="1" ind2=" ">
    <subfield code="a">Kisch, Hermann Michael,</subfield>
    <subfield code="d">1850-1942,</subfield>
    <subfield code="e">comp.</subfield>
  </datafield>
  <datafield tag="906" ind1=" " ind2=" ">
    <subfield code="a">7</subfield>
    <subfield code="b">cbc</subfield>
    <subfield code="c">orignew</subfield>
    <subfield code="d">4</subfield>
    <subfield code="e">ncip</subfield>
    <subfield code="f">19</subfield>
    <subfield code="g">y-gencatlg</subfield>
  </datafield>
  <datafield tag="942" ind1=" " ind2=" ">
    <subfield code="2">ddc</subfield>
    <subfield code="c">BK</subfield>
  </datafield>
</record>
